LIBRARY & INFORMATION CENTRE, KCAET, TAVANUR

ONLINE PUBLIC ACCESS CATALOGUE (OPAC)

Design considerations for harnesses and yokes for draught animals / (Record no. 3847)

MARC details
000 -LEADER
fixed length control field 00509cam a2200181ua 4500
041 ## - LANGUAGE CODE
Language code of text/sound track or separate title eng
082 ## - DEWEY DECIMAL CLASSIFICATION NUMBER
Classification number 631.3
Item number DEV/DE
100 ## - MAIN ENTRY--AUTHOR NAME
Personal name Devnani, R S .
245 ## - TITLE STATEMENT
Title Design considerations for harnesses and yokes for draught animals /
260 ## - PUBLICATION, DISTRIBUTION, ETC. (IMPRINT)
Place of publication Bhopal :
Name of publisher Centre Institute of Agricultural Engineering ,
Year of publication 1981.
300 ## - PHYSICAL DESCRIPTION
Number of Pages 68 ; .
500 ## - GENERAL NOTE
General note Reference **
942 ## - ADDED ENTRY ELEMENTS (KOHA)
Koha item type Books
Holdings
Withdrawn status Lost status Damaged status Home library Current library Date acquired Full call number Accession Number Koha item type
      KAUAET KAUAET 07/04/2012 631.3 16702 Reference
free website counter